| 000 | 00737nam a22001937a 4500 | ||
|---|---|---|---|
| 005 | 20251108174750.0 | ||
| 008 | 250721s2005 xx 000 0 ara d | ||
| 020 | _a9953820287 | ||
| 082 | 1 | 4 | _aم/3058956068/بغد |
| 100 | 1 |
_aبغدادي، عبد السلام _eمؤلف |
|
| 245 | 1 | 0 | _aالجماعات العربية في أفريقيا دراسة في أوضاع الجاليات و الأقليات العربية في أفريقيا - جنوب الصحراء / |
| 264 | 1 |
_aلبنان : _bمركز دراسات الوحدة العربية، _c2005. |
|
| 300 | _a808 ص. | ||
| 650 | 1 | 7 | _aالأقليات |
| 650 | 1 | 7 | _aالعرب |
| 650 | 1 | 7 | _aأفريقيا جنوب الصحراء |
| 942 |
_2ddc _cREF |
||
| 999 |
_c117454 _d117454 |
||